Professional sales management

Bibliographic Details
Main Author: Downing, George D. (Author)
Format: Book
Language:English
Published: Columbus, Ohio : Grid Publishing 1983
Subjects:

MARC

LEADER 00000cam a2200000 7i4500
001 0000000219
005 20240918.0
008 240710 ohu a eng
020 |a 088244235x (hardback) 
040 |a INS   |b eng   |e rda 
090 0 0 |a RHF5438.4   |b .D68 1983 
100 1 |a Downing, George D. ,   |e author 
245 1 0 |a Professional sales management   |c George D. Downing 
264 1 |a Columbus, Ohio :   |b Grid Publishing   |c 1983 
264 4 |c ©1983 
300 |a xiv, 575 pages :   |b illustrations ;   |c 26 cm. 
336 |a text  |2 rdacontent 
337 |a unmediated  |2 rdamedia 
338 |a volume  |2 rdacarrier 
500 |a Includes index 
650 0 |a Sales management 
999 |a 0000002130   |b BOOK   |c Reference   |e Default branch